Čo firmy ponúkajú
Najčastejšie ponúkané zamestnanecké výhody na Slovensku. Služobné auto a mobily na súkromné účely. Dni voľna navyše. Benefity pre rodiny. Úhrada nákladov za jazykové kurzy. Zľavy na vlastné produkty.
Enregistré dans:
| Auteur principal: | |
|---|---|
| Format: | Chapitre de livre |
| Langue: | slovaque |
| Sujets: | |
| Tags: |
Pas de tags, Soyez le premier à ajouter un tag!
|
MARC
| LEADER | 00000naa$a2200000$$$4500 | ||
|---|---|---|---|
| 001 | 0058751 | ||
| 005 | 20231009072043.9 | ||
| 041 | 0 | |a slo | |
| 044 | |a SK | ||
| 245 | 1 | 0 | |a Čo firmy ponúkajú |c Katarína Pokojná |
| 520 | |a Najčastejšie ponúkané zamestnanecké výhody na Slovensku. Služobné auto a mobily na súkromné účely. Dni voľna navyše. Benefity pre rodiny. Úhrada nákladov za jazykové kurzy. Zľavy na vlastné produkty. | ||
| 610 | 2 | 0 | |a motivácia pracovná |
| 610 | 2 | 0 | |a odmeňovanie |
| 610 | 2 | 0 | |a podnety k práci |
| 610 | 2 | 0 | |a starostlivosť o zdravie |
| 610 | 2 | 0 | |a stimuly pracovné |
| 610 | 2 | 0 | |a vzťah k práci |
| 610 | 2 | 0 | |a zamestnanci |
| 610 | 2 | 0 | |a zamestnávatelia |
| 100 | 1 | |a Pokojná, Katarína | |